مقاصد الشريعة وطرق الإجتهاد التي ترجع إليها : (Record no. 20063)

MARC details
000 -الفاتح
عناصر البيانات ثابتة الطول 00819cam a2200181 i 4500
005 - تاريخ ووقت آخر معاملة
حقل ضبط 20251208130221.0
008 - عناصر البيانات ثابتة الطول
عناصر البيانات ثابتة الطول 250721s1970 ua gr 000 0 ara d
082 14 - رقم تصنيف ديوي العشري
رقم التصنيف 216.1
رقم المادة ح س ي
100 1# - مدخل رئيسي – اسم شخصي
الاسم الشخصي حامد، حسين
علاقة الشخص بالعمل/ دوره مؤلف.
245 10 - بيان العنوان
العنوان مقاصد الشريعة وطرق الإجتهاد التي ترجع إليها :
بيان المسؤولية الدكتور حسين حامد المدرس بكلية الحقوق -جامعة القاهره والمعار للتدريس بقسم الدراسات العليا بالجامعه الاسلامية /
264 31 - بيانات النشر، التوزيع…إلخ
مكان النشر، التوزيع...إلخ القاهره :
اسم الناشر، الموزع...إلخ المطبعة العالمية.
تاريخ النشر، التوزيع...إلخ 1970.
300 ## - الوصف المادي
عدد الوحدات المكونة للوعاء الجزء الثاني.
650 17 - مدخل إضافي بالموضوع - مصطلح موضوعي
مصطلح موضوعي أو اسم جغرافي كعنصر مدخل الإسلام.
650 17 - مدخل إضافي بالموضوع - مصطلح موضوعي
مصطلح موضوعي أو اسم جغرافي كعنصر مدخل الفقه الإسلامي.
650 17 - مدخل إضافي بالموضوع - مصطلح موضوعي
مصطلح موضوعي أو اسم جغرافي كعنصر مدخل أصول الفقة.
942 ## - بيانات إضافية (كوها)
نوع التنصيف Dewey Decimal Classification
نوع المادة (كوها) Books
Holdings
حالة السحب حالة الفقدان مصدر التصنيف حالة التلف غير قابل للإعارة المكتبة الرئيسية المكتبة الحالية موقع الرف تاريخ التزويد الرقم المتسلسل Total Checkouts رقم الإستدعاء الباركود تاريخ آخر ظهور تاريخ الفاتورة نوع المادة (كوها)
    Dewey Decimal Classification     المكتبة المركزية المكتبة المركزية الإعارة 06/07/2004 58341   216.1 / ح س ي 58341 28/07/2025 06/07/2004 Books
Implemented & Customized by: BBB with SCIT (Smart Chains for Information Technology)

Powered by Koha